| 000 | 01121cam a22002894a 4500 | ||
|---|---|---|---|
| 001 | 14670349 | ||
| 005 | 20080602182614.0 | ||
| 008 | 061214s2007 njuab b 001 0 eng | ||
| 010 | _a 2006053277 | ||
| 020 | _a0132433397 (alk. paper) | ||
| 020 | _z01324333184 (alk. paper) | ||
| 040 |
_aDLC _cDLC _dDLC |
||
| 043 | _an-us--- | ||
| 050 | 0 | 0 |
_aHN16 _b.M24 2007 |
| 082 | 0 | 0 |
_a361.1 _222 _bMAC |
| 100 | 1 | _aMacionis, John J. | |
| 245 | 1 | 0 |
_aSocial problems / _cJohn J. Macionis. |
| 250 | _a3rd ed. | ||
| 260 |
_aUpper Saddle River, N.J. : _bPearson/Prentice Hall, _c2007. |
||
| 300 |
_axxxiii, 566 p. : _bcol. ill., col. maps ; _c27 cm. |
||
| 504 | _aIncludes bibliographical references (p. 514-537) and indexes. | ||
| 650 | 0 | _aSocial problems. | |
| 650 | 0 |
_aSocial problems _zUnited States. |
|
| 942 |
_2ddc _cBB |
||
| 999 |
_c11041 _d11041 |
||